[Event "España ch sub-14 2007"]
[Site "Linares ESP"]
[Date "2007.07.17"]
[Round "5.8"]
[White "Pacheco Bubi, Rafael"]
[Black "Fernandez Garcia, Jose Miguel"]
[Result "0-1"]
[WhiteElo "1878"]
[BlackElo "2036"]
[PlyCount "134"]
[EventDate "2007.07.15"]
[EventType "swiss"]
[EventRounds "9"]
[EventCountry "ESP"]
[Source "lmi"]
[SourceDate "2007.07.15"]

1. e4 c5 2. Nf3 e6 3. d4 cxd4 4. Nxd4 Nf6 5. Nc3 Qb6 6. Nb3 Bb4 7. Bd2 Bxc3 8.
Bxc3 d6 9. Bd3 e5 10. O-O Nbd7 11. Qe2 O-O 12. Kh1 Qc7 13. Rad1 b6 14. f3 Bb7
15. Bb5 Rfd8 16. Rd2 Nf8 17. Rfd1 Ng6 18. Nc1 d5 19. exd5 Nxd5 20. Qc4 Qe7 21.
Qb3 Ndf4 22. Rd7 Qf6 23. R1d2 Rxd7 24. Rxd7 Rd8 25. Be1 Rxd7 26. Bxd7 Qd6 27.
Ba4 Qd4 28. Qb4 Qd1 29. Qd2 Qxd2 30. Bxd2 Ne6 31. Nd3 Kf8 32. Bb4+ Kg8 33. Kg1
Nd4 34. c3 Nf5 35. Kf2 a5 36. Ba3 Bd5 37. Bd7 Nh6 38. b3 e4 39. Ne1 Ne5 40. Bc8
g5 41. Bd6 Nc6 42. c4 Na7 43. Bd7 Bb7 44. Bc7 Bc8 45. Bxb6 Bxd7 46. Bxa7 f5 47.
Bb6 a4 48. b4 Be6 49. a3 Bxc4 50. Nc2 exf3 51. Kxf3 Bd5+ 52. Kf2 Ng4+ 53. Kg1
Ne5 54. Ne3 Be4 55. Nd1 Nc4 56. Nc3 Nxb6 57. g4 Kf7 58. Kf2 Kf6 59. gxf5 Kxf5
60. Kg3 h5 61. h3 Bc2 62. Ne2 Ke5 63. h4 gxh4+ 64. Kxh4 Bd1 65. Nc3 Bg4 66. Nb5
Kd5 67. Nc3+ Kc4 0-1

[Event "España ch sub-14 2007"]
[Site "Linares ESP"]
[Date "2007.07.17"]
[Round "5.9"]
[White "Anaya Lopez, Victor"]
[Black "Galan Martin, Alejandro"]
[Result "1/2-1/2"]
[WhiteElo "1959"]
[BlackElo "1843"]
[PlyCount "45"]
[EventDate "2007.07.15"]
[EventType "swiss"]
[EventRounds "9"]
[EventCountry "ESP"]
[Source "lmi"]
[SourceDate "2007.07.15"]

1. e4 e6 2. d4 d5 3. Nc3 Bb4 4. exd5 exd5 5. Qf3 Ne7 6. Bd3 Nbc6 7. Nge2 Be6 8.
Bf4 Qd7 9. O-O O-O 10. Nb5 Ba5 11. c3 Ng6 12. Bg5 Nce7 13. h3 c6 14. Na3 Bc7
15. Rae1 Nf5 16. Nf4 Qd6 17. g3 Rae8 18. Nxg6 fxg6 19. Qg2 Qd7 20. g4 Nd6 21.
Bh4 Rf7 22. f4 Ref8 23. Bg3 1/2-1/2

[Event "España ch sub-14 2007"]
[Site "Linares ESP"]
[Date "2007.07.17"]
[Round "5.10"]
[White "Villar Perez, Samuel"]
[Black "Llamazares Lopez, Marcos"]
[Result "1/2-1/2"]
[WhiteElo "1841"]
[BlackElo "1959"]
[PlyCount "98"]
[EventDate "2007.07.15"]
[EventType "swiss"]
[EventRounds "9"]
[EventCountry "ESP"]
[Source "lmi"]
[SourceDate "2007.07.15"]

1. d4 Nf6 2. Nf3 g6 3. g3 Bg7 4. Bg2 O-O 5. O-O d6 6. c4 Nbd7 7. Nc3 e5 8. d5
a5 9. e4 Nc5 10. Re1 Ne8 11. Nd2 f5 12. Nb3 Nxe4 13. Nxe4 fxe4 14. Bxe4 Nf6 15.
Bg2 Bf5 16. Nd2 Rf7 17. Ne4 Nxe4 18. Bxe4 Bxe4 19. Rxe4 Qf6 20. Re2 Raf8 21.
Be3 h5 22. h4 Qf3 23. Rd2 e4 24. Qxf3 exf3 25. Bg5 Re8 26. Kf1 Rf5 27. Re1
Rxe1+ 28. Kxe1 Re5+ 29. Kd1 Re4 30. Rc2 Re8 31. Bd2 a4 32. Bc3 Bh6 33. Bd2 Kh7
34. Bxh6 Kxh6 35. Rc3 Rf8 36. Re3 b5 37. b3 bxc4 38. bxc4 Rb8 39. Kc2 g5 40.
Re6+ Kg7 41. hxg5 a3 42. Re3 Rb2+ 43. Kd1 Rxf2 44. Rxa3 Kg6 45. Ke1 Re2+ 46.
Kf1 Kxg5 47. Rxf3 Rxa2 48. Rf4 Rc2 49. Kg1 Kg6 1/2-1/2

[Event "España ch sub-14 2007"]
[Site "Linares ESP"]
[Date "2007.07.17"]
[Round "5.11"]
[White "Beltran De Heredia Eguiazabal, Miguel Angel"]
[Black "Salido Polo, Veronica"]
[Result "1-0"]
[WhiteElo "1938"]
[BlackElo "1753"]
[PlyCount "54"]
[EventDate "2007.07.15"]
[EventType "swiss"]
[EventRounds "9"]
[EventCountry "ESP"]
[Source "lmi"]
[SourceDate "2007.07.15"]

1. e4 c5 2. Nf3 Nc6 3. Bb5 g6 4. Bxc6 bxc6 5. d3 Bg7 6. O-O e6 7. Re1 d6 8. Nc3
Ne7 9. e5 d5 10. Bg5 Rb8 11. Rb1 O-O 12. Qd2 Re8 13. h4 h5 14. Qf4 Qc7 15. g4
hxg4 16. Qxg4 Kh7 17. h5 Rh8 18. Bxe7 Qxe7 19. Kg2 Rb4 20. hxg6+ fxg6 21. Rh1+
Bh6 22. Qh3 Kg8 23. b3 Qf7 24. Ne2 Bg7 25. Qg3 Rxh1 26. Rxh1 Qf5 27. Nh4 Qg5
1-0

[Event "España ch sub-14 2007"]
[Site "Linares ESP"]
[Date "2007.07.17"]
[Round "5.12"]
[White "Jimenez Lupiañez, Laura"]
[Black "Navarro Molina, David"]
[Result "1-0"]
[WhiteElo "1935"]
[BlackElo "1726"]
[PlyCount "81"]
[EventDate "2007.07.15"]
[EventType "swiss"]
[EventRounds "9"]
[EventCountry "ESP"]
[Source "lmi"]
[SourceDate "2007.07.15"]

1. d4 Nf6 2. c4 e6 3. Nc3 Bb4 4. e3 c5 5. Nge2 O-O 6. a3 Bxc3+ 7. Nxc3 b6 8.
Bd3 Bb7 9. O-O d5 10. cxd5 exd5 11. Qf3 Ba6 12. Bxa6 Nxa6 13. dxc5 bxc5 14. Rd1
Nc7 15. Nxd5 Ncxd5 16. e4 Nxe4 17. Qxe4 Nc3 18. Rxd8 Nxe4 19. Rxa8 Rxa8 20. Be3
Rb8 21. f3 Nf6 22. Bxc5 a5 23. b4 axb4 24. axb4 Nd5 25. Rd1 Nc3 26. Rd3 Nb5 27.
Kf2 f6 28. Rd7 Re8 29. Kg3 Rb8 30. Kf4 Nc3 31. Ke3 Na4 32. Kd4 Nb2 33. Be7 Na4
34. Rd8+ Rxd8+ 35. Bxd8 f5 36. Kd5 Kf7 37. Kc6 h6 38. b5 g5 39. b6 Nxb6 40.
Bxb6 h5 41. Kd6 1-0

[Event "España ch sub-14 2007"]
[Site "Linares ESP"]
[Date "2007.07.18"]
[Round "6.1"]
[White "Arribas Lopez, Angel"]
[Black "Baragaño Campa, David"]
[Result "1-0"]
[WhiteElo "2292"]
[BlackElo "2031"]
[PlyCount "129"]
[EventDate "2007.07.15"]
[EventType "swiss"]
[EventRounds "9"]
[EventCountry "ESP"]
[Source "lmi"]
[SourceDate "2007.07.15"]

1. e4 e6 2. d4 d5 3. e5 c5 4. Qg4 cxd4 5. Nf3 Nc6 6. Bd3 Nge7 7. O-O Ng6 8. Re1
Qc7 9. Qg3 Bd7 10. a3 O-O-O 11. Bg5 Re8 12. b4 Be7 13. Bxe7 Rxe7 14. c3 dxc3
15. Nxc3 Kb8 16. Rac1 Qd8 17. h4 Ree8 18. Nb5 Nge7 19. Nd6 Ref8 20. Qxg7 Nc8
21. Nxc8 Bxc8 22. b5 Na5 23. Bxh7 Qe7 24. Rc3 Bd7 25. Bd3 Nc4 26. Bxc4 dxc4 27.
Rb1 Qc5 28. a4 a6 29. bxa6 Bc6 30. Qg4 Rhg8 31. Qf4 Bd5 32. Qe3 Qxe3 33. Rxe3
Kc7 34. axb7 Bxb7 35. g3 Ra8 36. Rb4 Bd5 37. Nd2 Kc6 38. Ne4 Ra7 39. h5 Rga8
40. g4 Rxa4 41. Rxa4 Rxa4 42. h6 Bxe4 43. Rxe4 Kd5 44. Rf4 Ra1+ 45. Kg2 c3 46.
h7 Ra8 47. Rxf7 Kxe5 48. Rc7 Rh8 49. Rxc3 Rxh7 50. Kg3 Rd7 51. Rf3 Rg7 52. Rf8
Ke4 53. Kh4 Ke5 54. Kh5 Kd6 55. g5 Ke7 56. Rf3 Rh7+ 57. Kg6 Rh2 58. Rf7+ Ke8
59. f4 Rh4 60. Kg7 Rg4 61. g6 Rg2 62. Kf6 Rg4 63. Re7+ Kf8 64. g7+ Kg8 65. Re8+
1-0

[Event "España ch sub-14 2007"]
[Site "Linares ESP"]
[Date "2007.07.18"]
[Round "6.2"]
[White "Pardo Simon, David"]
[Black "Rivas Crespo, Alexander"]
[Result "1-0"]
[WhiteElo "2080"]
[BlackElo "1833"]
[PlyCount "77"]
[EventDate "2007.07.15"]
[EventType "swiss"]
[EventRounds "9"]
[EventCountry "ESP"]
[Source "lmi"]
[SourceDate "2007.07.15"]

1. b3 d6 2. e3 e5 3. Bb2 Nc6 4. Bb5 Bd7 5. d3 Nf6 6. Nd2 g6 7. Ngf3 Bg7 8. O-O
O-O 9. Bxc6 Bxc6 10. c4 Nd7 11. b4 b6 12. d4 e4 13. Ne1 d5 14. Qc2 f5 15. Rc1
Rc8 16. b5 Bb7 17. Ba3 Re8 18. Qa4 a6 19. bxa6 Ra8 20. a7 Nf6 21. Nc2 dxc4 22.
Nxc4 c6 23. Nd6 Re7 24. Nxb7 Rxb7 25. Qxc6 Rbxa7 26. Qc3 Kh8 27. h3 Nd5 28. Qb3
f4 29. Kh2 Qg5 30. g3 fxg3+ 31. fxg3 Nxe3 32. Nxe3 Rxa3 33. Qxa3 Rxa3 34. Rc8+
Bf8 35. Rcxf8+ Kg7 36. R1f7+ Kh6 37. Ng4+ Qxg4 38. hxg4 Rxa2+ 39. Kh3 1-0

[Event "España ch sub-14 2007"]
[Site "Linares ESP"]
[Date "2007.07.18"]
[Round "6.3"]
[White "Antolin Concha, Diego"]
[Black "Remoli Sargues, Lidia"]
[Result "1-0"]
[WhiteElo "2077"]
[BlackElo "1894"]
[PlyCount "79"]
[EventDate "2007.07.15"]
[EventType "swiss"]
[EventRounds "9"]
[EventCountry "ESP"]
[Source "lmi"]
[SourceDate "2007.07.15"]

1. c4 e5 2. Nc3 Nf6 3. Nf3 Nc6 4. g3 Bb4 5. Bg2 O-O 6. O-O e4 7. Ne1 Bxc3 8.
dxc3 d6 9. Nc2 h6 10. Nd4 Bd7 11. Qc2 Re8 12. Bf4 Qe7 13. h3 a6 14. Kh2 Ne5 15.
Bxe5 Qxe5 16. e3 Qh5 17. Ne2 g5 18. Rad1 Ng4+ 19. Kg1 Ne5 20. g4 Bxg4 21. hxg4
Nxg4 22. Rfe1 Qh2+ 23. Kf1 h5 24. Rd5 f6 25. Ng3 Re5 26. Rxe5 dxe5 27. Nxe4 Rf8
28. f3 f5 29. Nf2 h4 30. fxg4 h3 31. Bxh3 fxg4 32. Qg6+ Kh8 33. Qh6+ Kg8 34.
Qxg5+ Kh8 35. Qh4+ Kg8 36. Qxg4+ Kh7 37. Qh5+ Kg7 38. Qg5+ Kf7 39. Rd1 Rg8 40.
Rd7+ 1-0

[Event "España ch sub-14 2007"]
[Site "Linares ESP"]
[Date "2007.07.18"]
[Round "6.4"]
[White "Forcen Esteban, Daniel"]
[Black "Jimenez Lupiañez, Laura"]
[Result "1-0"]
[WhiteElo "2134"]
[BlackElo "1935"]
[PlyCount "135"]
[EventDate "2007.07.15"]
[EventType "swiss"]
[EventRounds "9"]
[EventCountry "ESP"]
[Source "lmi"]
[SourceDate "2007.07.15"]

1. e4 e5 2. Nf3 Nc6 3. d4 exd4 4. Nxd4 Bc5 5. Nxc6 Qf6 6. Qf3 bxc6 7. Qg3 d6 8.
Nc3 Qg6 9. Bd3 Qxg3 10. hxg3 Ne7 11. Bg5 f6 12. Bd2 h6 13. Na4 Bd4 14. c3 Bb6
15. Nxb6 cxb6 16. O-O-O Be6 17. c4 O-O-O 18. Bb4 Rhe8 19. Rhe1 Kc7 20. b3 c5
21. Bc3 Nc6 22. Kb2 Bf7 23. Re3 Re7 24. g4 Rde8 25. a3 a5 26. Be1 Bg6 27. f3
Bf7 28. Bg3 Ne5 29. Be2 Rd7 30. Rc3 Nc6 31. Rcd3 Nd4 32. Bf1 a4 33. b4 Red8 34.
Kc3 Rb8 35. Bf2 Ne6 36. R3d2 Kc6 37. g3 Rdd8 38. f4 Bg8 39. Be3 Bh7 40. Bg2 Kc7
41. Bf3 Bg8 42. Bg1 Bh7 43. Re1 Re8 44. Rde2 Red8 45. Re3 Nd4 46. Bd1 Re8 47.
e5 dxe5 48. fxe5 fxe5 49. Rxe5 Rxe5 50. Rxe5 Nc6 51. Re2 cxb4+ 52. axb4 Rd8 53.
Bxa4 Rd3+ 54. Kb2 Nxb4 55. Re7+ Kc8 56. Rxg7 Be4 57. Bxb6 Rxg3 58. Bb5 Nd3+ 59.
Ka1 Nb4 60. Kb2 Bc2 61. Ba5 Rb3+ 62. Kc1 Be4 63. Kd2 Rd3+ 64. Ke2 Na2 65. Ba6+
Kb8 66. Bb6 Nc3+ 67. Ke1 Rd1+ 68. Kf2 1-0

[Event "España ch sub-14 2007"]
[Site "Linares ESP"]
[Date "2007.07.18"]
[Round "6.5"]
[White "Pozueta Alegria, Adrian"]
[Black "Coll Ortega, Jordi"]
[Result "1/2-1/2"]
[WhiteElo "1924"]
[BlackElo "2105"]
[PlyCount "107"]
[EventDate "2007.07.15"]
[EventType "swiss"]
[EventRounds "9"]
[EventCountry "ESP"]
[Source "lmi"]
[SourceDate "2007.07.15"]

1. e4 c5 2. Nc3 Nc6 3. g3 g6 4. Bg2 Bg7 5. d3 d6 6. f4 e6 7. Nf3 Nge7 8. O-O
O-O 9. Be3 Nd4 10. e5 Bd7 11. Ne4 Nef5 12. Bf2 h5 13. c3 Nxf3+ 14. Qxf3 Bc6 15.
Qe2 Rc8 16. d4 cxd4 17. cxd4 d5 18. Ng5 Bh6 19. h4 Qd7 20. Rfe1 Bb5 21. Qd2 Rc7
22. Bh3 Rfc8 23. Rac1 Bxg5 24. hxg5 Ne7 25. Red1 Rxc1 26. Rxc1 Rxc1+ 27. Qxc1
Qc6 28. Qd1 Qa6 29. a3 Nc6 30. Qc2 Bc4 31. b3 Bd3 32. Qc5 Qb5 33. Qxb5 Bxb5 34.
b4 Kf8 35. Bf1 Bxf1 36. Kxf1 b5 37. Be3 Ke8 38. Ke2 Kd7 39. Kd3 Ne7 40. Kc3 Kc6
41. Kd3 Nc8 42. Kc3 Nb6 43. Kb3 Nc4 44. Bc1 Kb6 45. Kc3 a5 46. Kb3 a4+ 47. Kc3
Kc7 48. Kd3 Kd7 49. Ke2 Nb6 50. Kd3 Nc8 51. Bd2 Ne7 52. Be3 Nf5 53. Bf2 h4 54.
g4 1/2-1/2

[Event "España ch sub-14 2007"]
[Site "Linares ESP"]
[Date "2007.07.18"]
[Round "6.6"]
[White "Garcia Gil, Bernandino"]
[Black "Jordan Martinez, Miguel"]
[Result "1/2-1/2"]
[WhiteElo "1920"]
[BlackElo "1926"]
[PlyCount "69"]
[EventDate "2007.07.15"]
[EventType "swiss"]
[EventRounds "9"]
[EventCountry "ESP"]
[Source "lmi"]
[SourceDate "2007.07.15"]

1. e4 e6 2. d4 d5 3. exd5 exd5 4. Bd3 Bd6 5. Nc3 c6 6. Nge2 Qc7 7. Be3 Ne7 8.
f3 Bf5 9. Bf2 Nd7 10. Bxf5 Nxf5 11. Qd3 Ne7 12. Bg3 O-O-O 13. O-O-O Nb6 14. b3
Qd7 15. Bxd6 Qxd6 16. Kb2 a5 17. Ng3 g6 18. a4 Rhe8 19. Nce2 Ng8 20. Qd2 Qc7
21. Nf4 Re7 22. Rhe1 Rde8 23. Nd3 Nd7 24. Rxe7 Rxe7 25. Re1 Rxe1 26. Qxe1 Kd8
27. Nf1 Nf8 28. h3 b6 29. Ne3 f6 30. Ng4 h5 31. Ne3 Qe7 32. Qd2 Ne6 33. c3 Qd6
34. Nf1 Kd7 35. Qe3 1/2-1/2

[Event "España ch sub-14 2007"]
[Site "Linares ESP"]
[Date "2007.07.18"]
[Round "6.7"]
[White "Fernandez Garcia, Jose Miguel"]
[Black "Alonso Caamaño, Ruben"]
[Result "1-0"]
[WhiteElo "2036"]
[BlackElo "1607"]
[PlyCount "68"]
[EventDate "2007.07.15"]
[EventType "swiss"]
[EventRounds "9"]
[EventCountry "ESP"]
[Source "lmi"]
[SourceDate "2007.07.15"]

1. e4 c5 2. Nf3 d6 3. d4 cxd4 4. Nxd4 Nf6 5. Nc3 g6 6. Be3 Bg7 7. f3 O-O 8. Bc4
Nc6 9. Qd2 Bd7 10. O-O-O Rc8 11. Bb3 Ne5 12. g4 Nc4 13. Bxc4 Rxc4 14. Kb1 a5
15. h4 h5 16. Nd5 Nxd5 17. exd5 hxg4 18. h5 Bf5 19. fxg4 Be4 20. hxg6 Bxg6 21.
Nf5 Rxg4 22. Nxg7 Kxg7 23. Bh6+ Kg8 24. Qc3 f6 25. Bxf8 Qxf8 26. Qh3 Rg5 27.
Qe6+ Bf7 28. Qh3 Bg6 29. Rdg1 Rxg1+ 30. Rxg1 Kg7 31. Qd7 b6 32. Re1 Kf7 33.
Qe6+ Ke8 34. Qxd6 b5 1-0

[Event "España ch sub-14 2007"]
[Site "Linares ESP"]
[Date "2007.07.18"]
[Round "6.8"]
[White "Rioboo De La Riva, Alvaro"]
[Black "Beltran De Heredia Eguiazabal, Miguel Angel"]
[Result "1/2-1/2"]
[WhiteElo "1911"]
[BlackElo "1938"]
[PlyCount "104"]
[EventDate "2007.07.15"]
[EventType "swiss"]
[EventRounds "9"]
[EventCountry "ESP"]
[Source "lmi"]
[SourceDate "2007.07.15"]

1. e4 c5 2. d4 cxd4 3. c3 d5 4. exd5 Qxd5 5. cxd4 Nc6 6. Nf3 Bg4 7. Be2 Rd8 8.
Nc3 Qa5 9. d5 Nf6 10. h3 Nxd5 11. hxg4 Nxc3 12. Bd2 Nxd1 13. Bxa5 Nxa5 14. Bb5+
Nc6 15. Rxd1 Rxd1+ 16. Kxd1 a6 17. Bxc6+ bxc6 18. Rh5 g6 19. Ra5 Bg7 20. Rxa6
Kd7 21. b3 Rb8 22. Ra7+ Kd6 23. Nd2 Bd4 24. Nc4+ Ke6 25. Rc7 c5 26. f3 Rd8 27.
Kc2 Rd7 28. Rxd7 Kxd7 29. Kd3 f5 30. gxf5 gxf5 31. b4 Kc6 32. a4 Bf6 33. b5+
Kc7 34. g4 e6 35. gxf5 exf5 36. Ne3 Kd6 37. Nxf5+ Ke6 38. Ng3 Be5 39. Ne4 Kd5
40. a5 c4+ 41. Ke2 h5 42. a6 Bd4 43. Nf6+ Kd6 44. Nxh5 Kc7 45. Nf4 Kb6 46. Ne6
Bg1 47. f4 Kxb5 48. f5 Kxa6 49. f6 Bh2 50. Nc5+ Kb5 51. Nb7 Be5 52. f7 Bg7
1/2-1/2

[Event "España ch sub-14 2007"]
[Site "Linares ESP"]
[Date "2007.07.18"]
[Round "6.9"]
[White "Nieto De La Cruz, Julio"]
[Black "Anaya Lopez, Victor"]
[Result "0-1"]
[WhiteElo "1625"]
[BlackElo "1959"]
[PlyCount "88"]
[EventDate "2007.07.15"]
[EventType "swiss"]
[EventRounds "9"]
[EventCountry "ESP"]
[Source "lmi"]
[SourceDate "2007.07.15"]

1. d4 Nf6 2. c4 c5 3. d5 b5 4. Nd2 d6 5. e4 g6 6. Qc2 Bg7 7. Bd3 O-O 8. Ngf3
Nbd7 9. O-O Bb7 10. Rd1 Qc7 11. Nf1 Rfb8 12. Rb1 Ba6 13. b3 bxc4 14. Bxc4 Bxc4
15. Qxc4 Rb4 16. Qc2 a5 17. Bd2 Rb7 18. Bc3 Nb6 19. Ne3 a4 20. Nd2 axb3 21.
axb3 Rba7 22. Ra1 Nfd7 23. Bxg7 Kxg7 24. Qc3+ Kg8 25. Ndc4 Nxc4 26. bxc4 Ra2
27. Ng4 f6 28. Rxa2 Rxa2 29. Rb1 Qa7 30. g3 h5 31. Ne3 Ne5 32. Kg2 Kf7 33. Rb3
Qa4 34. Rb1 Rxf2+ 35. Kxf2 Qa2+ 36. Qc2 Qa3 37. Rb3 Qa1 38. Rb1 Qd4 39. Qe2
Ng4+ 40. Kf3 Ne5+ 41. Kg2 Qxe4+ 42. Kf2 Qxb1 43. h3 Qh1 44. Qf1 Qf3+ 0-1

[Event "España ch sub-14 2007"]
[Site "Linares ESP"]
[Date "2007.07.18"]
[Round "6.10"]
[White "Suarez Calvo, Alesandra"]
[Black "Bendayan Claros, Aaron"]
[Result "1/2-1/2"]
[WhiteElo "1970"]
[BlackElo "1843"]
[PlyCount "123"]
[EventDate "2007.07.15"]
[EventType "swiss"]
[EventRounds "9"]
[EventCountry "ESP"]
[Source "lmi"]
[SourceDate "2007.07.15"]

1. e4 d5 2. exd5 Qxd5 3. Nc3 Qa5 4. d4 c6 5. Bc4 Nf6 6. Nge2 Bf5 7. Bd2 e6 8.
Ne4 Qd8 9. N4g3 Bg6 10. c3 Nd5 11. h4 h6 12. Nf4 Nxf4 13. Bxf4 Nd7 14. Nh5 Nf6
15. Nxf6+ Qxf6 16. Be5 Qf5 17. O-O Be7 18. g4 Qc2 19. h5 Qxd1 20. Raxd1 Bh7 21.
a4 Rg8 22. b4 g6 23. Bd3 f5 24. Kh2 gxh5 25. gxh5 Rg4 26. Bg3 Kf7 27. Rfe1 Re8
28. f3 Rg5 29. Bc4 Bf6 30. Rxe6 Rxh5+ 31. Kg2 Rxe6 32. Re1 Rg5 33. Rxe6 Kg7 34.
f4 Rg6 35. Bd3 Bg8 36. Rd6 Bd5+ 37. Kf2 Bxd4+ 38. cxd4 Rxd6 39. Bxf5 Bb3 40.
Ke3 Bxa4 41. Bc8 b6 42. f5 Rd8 43. Be6 Re8 44. Be5+ Kf8 45. Bd6+ Kg7 46. Be5+
Kh7 47. Bf7 Re7 48. Bg6+ Kg8 49. f6 Rb7 50. Be8 a5 51. d5 Kf8 52. dxc6 Ra7 53.
Bd7 Rxd7 54. c7 Rxc7 55. Bxc7 axb4 56. Bxb6 b3 57. Bd4 Kf7 58. Kf4 Kg6 59. Ke5
Be8 60. Kf4 h5 61. Be5 Bf7 62. Bc3 1/2-1/2

[Event "España ch sub-14 2007"]
[Site "Linares ESP"]
[Date "2007.07.18"]
[Round "6.11"]
[White "Galan Martin, Alejandro"]
[Black "Llamazares Lopez, Marcos"]
[Result "1-0"]
[WhiteElo "1843"]
[BlackElo "1959"]
[PlyCount "67"]
[EventDate "2007.07.15"]
[EventType "swiss"]
[EventRounds "9"]
[EventCountry "ESP"]
[Source "lmi"]
[SourceDate "2007.07.15"]

1. e4 c5 2. Nf3 Nc6 3. d4 cxd4 4. Nxd4 g6 5. Nc3 Bg7 6. Be3 Nf6 7. Bc4 O-O 8.
Bb3 a6 9. f3 d6 10. Qd2 Na5 11. O-O-O Nxb3+ 12. Nxb3 b5 13. e5 Ne8 14. exd6
Qxd6 15. Qf2 Qc6 16. Nd5 Qb7 17. Na5 Qb8 18. Nb6 Qe5 19. c3 Bb7 20. Nxb7 b4 21.
Bd4 Bh6+ 22. Kb1 Qf5+ 23. Qc2 Qxc2+ 24. Kxc2 Rb8 25. Na5 bxc3 26. bxc3 Rd8 27.
Nc6 Nf6 28. Nxd8 Rxd8 29. Bxf6 Rxd1 30. Rxd1 exf6 31. c4 Be3 32. Nd7 Kg7 33. c5
Bf4 34. g3 1-0

[Event "España ch sub-14 2007"]
[Site "Linares ESP"]
[Date "2007.07.18"]
[Round "6.12"]
[White "Gil Quilez, David"]
[Black "Villar Perez, Samuel"]
[Result "1/2-1/2"]
[WhiteElo "1934"]
[BlackElo "1841"]
[PlyCount "103"]
[EventDate "2007.07.15"]
[EventType "swiss"]
[EventRounds "9"]
[EventCountry "ESP"]
[Source "lmi"]
[SourceDate "2007.07.15"]

1. e4 c5 2. Nf3 Nc6 3. d4 cxd4 4. Nxd4 Qb6 5. Nb3 Nf6 6. Nc3 e6 7. Bd3 d6 8.
O-O Be7 9. Kh1 O-O 10. f4 Nb4 11. Qf3 a6 12. Bd2 Nxd3 13. cxd3 Qa7 14. Na4 Nd7
15. Be3 b6 16. Rac1 Qb8 17. Nd4 Bb7 18. f5 e5 19. Ne2 Qd8 20. Ng3 b5 21. Nc3
Bg5 22. Nh5 g6 23. Ng3 Rc8 24. Nce2 Bxe3 25. Qxe3 Qb6 26. Qh6 Qd8 27. Ng1 Qf6
28. Nh3 Qg7 29. Qe3 f6 30. b4 Qe7 31. Qa7 Nb8 32. Nf2 Nc6 33. Qe3 Nxb4 34. a3
Nc6 35. fxg6 hxg6 36. Ng4 Nd4 37. Ne2 Nxe2 38. Qxe2 Rxc1 39. Rxc1 Rc8 40. Rf1
Rf8 41. Qf2 Bc8 42. Ne3 Be6 43. Qg3 Kh7 44. Qh4+ Kg7 45. g4 Rc8 46. Qe1 Qb7 47.
Qf2 Qe7 48. Qe1 Qb7 49. Qf2 Qe7 50. Qd2 Qc7 51. Qf2 Qe7 52. Qd2 1/2-1/2

[Event "España ch sub-14 2007"]
[Site "Linares ESP"]
[Date "2007.07.19"]
[Round "7.1"]
[White "Pardo Simon, David"]
[Black "Arribas Lopez, Angel"]
[Result "1-0"]
[WhiteElo "2080"]
[BlackElo "2292"]
[PlyCount "57"]
[EventDate "2007.07.15"]
[EventType "swiss"]
[EventRounds "9"]
[EventCountry "ESP"]
[Source "lmi"]
[SourceDate "2007.07.15"]

1. e4 c5 2. Nf3 Nc6 3. Nc3 d6 4. Bb5 e6 5. O-O Nge7 6. d4 cxd4 7. Nxd4 a6 8.
Nxc6 Nxc6 9. Bd3 Be7 10. f4 O-O 11. Be3 b5 12. Qh5 Bf6 13. e5 g6 14. Qf3 d5 15.
exf6 Bb7 16. Bc5 Re8 17. Be7 Nxe7 18. fxe7 Qxe7 19. Qf2 Qb4 20. Rab1 Rad8 21.
a3 Qd6 22. Qd4 Qe7 23. Ne2 f6 24. c3 e5 25. Qf2 Rf8 26. Bc2 Qd7 27. Qg3 Rfe8
28. Rbd1 Kg7 29. h4 1-0

[Event "España ch sub-14 2007"]
[Site "Linares ESP"]
[Date "2007.07.19"]
[Round "7.2"]
[White "Forcen Esteban, Daniel"]
[Black "Antolin Concha, Diego"]
[Result "0-1"]
[WhiteElo "2134"]
[BlackElo "2077"]
[PlyCount "56"]
[EventDate "2007.07.15"]
[EventType "swiss"]
[EventRounds "9"]
[EventCountry "ESP"]
[Source "lmi"]
[SourceDate "2007.07.15"]

1. e4 c5 2. Nf3 Nc6 3. c3 d5 4. exd5 Qxd5 5. d4 cxd4 6. cxd4 Nf6 7. Nc3 Qd6 8.
Nb5 Qd7 9. Bd3 a6 10. Nc3 e6 11. O-O Be7 12. a3 O-O 13. Bc2 Rd8 14. Ne2 b5 15.
Bg5 Bb7 16. Qd3 g6 17. Rad1 Rac8 18. b4 Nxb4 19. axb4 Be4 20. Qa3 Rxc2 21. Ne5
Qb7 22. Nf4 Nd5 23. Bxe7 Nxf4 24. f3 Rxg2+ 25. Kh1 Qxe7 26. fxe4 Qh4 27. Nf3
Qh3 28. Rg1 Rxh2+ 0-1

[Event "España ch sub-14 2007"]
[Site "Linares ESP"]
[Date "2007.07.19"]
[Round "7.3"]
[White "Baragaño Campa, David"]
[Black "Fernandez Garcia, Jose Miguel"]
[Result "1-0"]
[WhiteElo "2031"]
[BlackElo "2036"]
[PlyCount "97"]
[EventDate "2007.07.15"]
[EventType "swiss"]
[EventRounds "9"]
[EventCountry "ESP"]
[Source "lmi"]
[SourceDate "2007.07.15"]

1. e4 Nf6 2. e5 Nd5 3. c4 Nb6 4. d4 d6 5. exd6 exd6 6. Nc3 Nc6 7. h3 Bf5 8. Be3
Be7 9. Nf3 Bf6 10. Be2 h6 11. O-O O-O 12. Qb3 Re8 13. Rad1 Ne7 14. Ne1 Rb8 15.
Bf3 Bg6 16. c5 Nbc8 17. Nd3 Nf5 18. Nf4 Kh7 19. Nxg6 fxg6 20. Nd5 c6 21. Nxf6+
Qxf6 22. Bxc6 Re7 23. Bd5 Rc7 24. Qa3 Rd7 25. Be4 d5 26. Bf3 Nce7 27. Bf4 Rf8
28. Be5 Qg5 29. Bg4 h5 30. f4 Qh4 31. Bxf5 Nxf5 32. Rf3 Rdf7 33. Rdf1 g5 34.
fxg5 Qxg5 35. Qd3 g6 36. b4 Kg8 37. Kh2 Ne3 38. Rxe3 Rxf1 39. Rg3 Qf5 40. Rxg6+
Kh7 41. Rg7+ Kh6 42. Qe3+ Rf4 43. Bxf4+ Qxf4+ 44. Qxf4+ Rxf4 45. Rxb7 Rxd4 46.
c6 Rc4 47. c7 d4 48. Kg3 Kg5 49. Rb5+ 1-0

[Event "España ch sub-14 2007"]
[Site "Linares ESP"]
[Date "2007.07.19"]
[Round "7.4"]
[White "Coll Ortega, Jordi"]
[Black "Galan Martin, Alejandro"]
[Result "1-0"]
[WhiteElo "2105"]
[BlackElo "1843"]
[PlyCount "91"]
[EventDate "2007.07.15"]
[EventType "swiss"]
[EventRounds "9"]
[EventCountry "ESP"]
[Source "lmi"]
[SourceDate "2007.07.15"]

1. c4 e5 2. g3 Nf6 3. Bg2 d5 4. cxd5 Nxd5 5. Nf3 Nc6 6. O-O Be6 7. d4 exd4 8.
Nxd4 Nxd4 9. Qxd4 c6 10. Nc3 Qb6 11. Qe5 Nxc3 12. Qxc3 Qc5 13. Be3 Qxc3 14.
bxc3 O-O-O 15. Bxa7 Rd2 16. Bf3 Rxa2 17. Rxa2 Bxa2 18. Ra1 Bc4 19. Bc5 Kb8 20.
Bd4 f6 21. Rb1 Kc7 22. Bb6+ Kc8 23. Bg4+ Kb8 24. Rd1 Ba3 25. Rd7 Rg8 26. e4 h5
27. Bxh5 Be6 28. Bf7 Bxd7 29. Bxg8 Bb2 30. c4 f5 31. exf5 Bxf5 32. f3 Be5 33.
g4 Bd7 34. h4 Kc8 35. Kf2 Bh2 36. Ke2 Be8 37. h5 Kd7 38. Bd4 Ke7 39. Bxg7 Bf7
40. Bxf7 Kxf7 41. Bc3 Bf4 42. Kd3 Kg8 43. Ke4 Bc1 44. c5 Kh7 45. Bd4 Kh6 46.
Be3+ 1-0

[Event "España ch sub-14 2007"]
[Site "Linares ESP"]
[Date "2007.07.19"]
[Round "7.5"]
[White "Rivas Crespo, Alexander"]
[Black "Garcia Gil, Bernandino"]
[Result "1-0"]
[WhiteElo "1833"]
[BlackElo "1920"]
[PlyCount "106"]
[EventDate "2007.07.15"]
[EventType "swiss"]
[EventRounds "9"]
[EventCountry "ESP"]
[Source "lmi"]
[SourceDate "2007.07.15"]

1. e4 e6 2. d4 d5 3. Nc3 Bb4 4. e5 c5 5. a3 Bxc3+ 6. bxc3 Qc7 7. Nf3 Bd7 8. Bd3
Qa5 9. Bd2 c4 10. Be2 Nc6 11. Nh4 O-O-O 12. O-O Nge7 13. f4 f6 14. Nf3 Rdf8 15.
Rb1 fxe5 16. fxe5 h6 17. Qc1 g5 18. Qb2 b6 19. Be3 Ng6 20. Nd2 Nce7 21. Qb4
Qxb4 22. axb4 Nf5 23. Bf2 Nf4 24. Bf3 a5 25. bxa5 bxa5 26. Rb6 Kc7 27. Ra6 Ra8
28. Rxa8 Rxa8 29. Ra1 Kb6 30. Nxc4+ Kb5 31. Na3+ Ka6 32. c4 Rc8 33. c5 Bb5 34.
Rb1 Be2 35. Rb6+ Ka7 36. Nb5+ Ka8 37. Bxe2 Nxe2+ 38. Kf1 Nf4 39. g3 Nh3 40.
Rxe6 g4 41. Rf6 Ne7 42. Nc3 Rd8 43. Be3 Kb8 44. Ra6 Kb7 45. Rxa5 Nf5 46. Ke2
Rf8 47. Rb5+ Kc8 48. Nxd5 Nxe3 49. Nxe3 Rf2+ 50. Kd3 Rxh2 51. e6 Nf2+ 52. Kc4
Kd8 53. d5 Ne4 1-0